Investigaciones experimentales de electricidad, series I a V

Guardat en:
Dades bibliogràfiques
Autor principal: Faraday, Michael (Autor)
Format: Llibre
Idioma:espanyol
Publicat: Buenos Aires EUDEBA 1971
Col·lecció:Los Fundamentales
Matèries:
Etiquetes: Afegir etiqueta
Sense etiquetes, Sigues el primer a etiquetar aquest registre!

MARC

LEADER 00000nam a2200000 a 4500
001 UCT1441
003 CL-VaPUC
008 960927e19710000AG |||||||||||||||||spa|d
082 0 4 |a 530.141  |b FAR  |2 21 
100 0 |a Faraday, Michael  |e author  |9 369697 
245 1 0 |a Investigaciones experimentales de electricidad, series I a V 
300 |a 269 p 
942 |c BK 
945 |d 19960927 00:00:00  |a paguirre 
260 |a Buenos Aires  |b EUDEBA  |c 1971 
650 0 |a Electricidad  |9 260222 
650 0 |a Física   |9 227844 
650 0 |a Electromagnetismo   |9 260123 
650 7 |a CAMPOS MAGNETICOS  |2 CL-VaPUC  |9 370337 
650 7 |a CAMPOS ELECTRICOS  |2 CL-VaPUC  |9 370338 
583 |a last modification  |c 20150714 03:12:50  |k Rodrigo Vera 
490 0 |a Los Fundamentales 
999 |c 251966  |d 251964 
952 |0 0  |1 0  |4 0  |6 530_141000000000000_FAR_1971  |7 0  |8 A  |9 271519  |a BIBCUR  |b BIBCUR  |d 2019-11-19  |i 1746839  |o 530.141 FAR 1971  |p 1746839  |r 2025-04-22  |w 2019-11-19  |y BK  |k BCB 
952 |0 0  |1 0  |4 0  |6 530_141000000000000_FAR_1971  |7 0  |8 A  |9 271522  |a BIBCUR  |b BIBCUR  |d 2019-11-19  |i 4528816  |o 530.141 FAR 1971  |p 4528816  |r 2025-04-22  |w 2019-11-19  |y BK  |k FIS